[Event "Women's Speed Chess Q8"]
[Site "chess.com INT"]
[Date "2021.06.06"]
[Round "13"]
[White "Kulon, Klaudia"]
[Black "Morris-Suzuki, Sophie"]
[Result "1-0"]
[WhiteTitle "IM"]
[BlackTitle "WFM"]
[WhiteElo "2363"]
[BlackElo "2043"]
[WhiteFideId "1131044"]
[BlackFideId "30922615"]
[EventDate "2021.06.06"]

1. c4 e6 2. g3 Nf6 3. Bg2 d5 4. Nf3 Be7 5. O-O O-O 6. d4 dxc4 7. Qc2 a6 8. a4
Bd7 9. Qxc4 Bc6 10. Nbd2 a5 11. Re1 Na6 12. e4 Nb4 13. Ne5 Ra6 14. b3 Rb6 15.
Bb2 Nd7 16. Nd3 Nxd3 17. Qxd3 Nc5 18. Qc2 Na6 19. Nc4 Nb4 20. Qc3 Ra6 21. d5 Bf6
22. e5 Nxd5 23. Qd2 Be7 24. Qe2 Bb4 25. Red1 Qe7 26. Rac1 Rd8 27. Qg4 h6 28. Be4
Raa8 29. h4 Rac8 30. Bb1 Nb6 31. Ne3 Ba3 32. Bxa3 Qxa3 33. Rxc6 bxc6 34. Rxd8+
Rxd8 35. Qe4 Nd5 36. Ng4 Nc3 37. Qh7+ Kf8 38. Bd3 Qc1+ 39. Kg2 Qd2 40. Bc4 Nd1
41. Qh8+ Ke7 42. Qxg7 Qd4 43. Qf6+ Ke8 44. Nxh6 Qe4+ 45. Kh2 Qh7 46. Ng4 Nc3 47.
Qf3 Ke7 48. Qxc3 Rd7 49. Nf6 Qb1 50. Nxd7 1-0

[Event "Women's Speed Chess Q8"]
[Site "chess.com INT"]
[Date "2021.06.06"]
[Round "13"]
[White "Gaponenko, Inna"]
[Black "Papp, Petra"]
[Result "1-0"]
[WhiteTitle "IM"]
[BlackTitle "WGM"]
[WhiteElo "2357"]
[BlackElo "2336"]
[WhiteFideId "14101181"]
[BlackFideId "739049"]
[EventDate "2021.06.06"]

1. e4 e6 2. d4 d5 3. exd5 exd5 4. Nf3 Bg4 5. h3 Bh5 6. Qe2+ Qe7 7. Be3 Nc6 8.
Nc3 O-O-O 9. g4 Bg6 10. Kd1 Nf6 11. Bg2 Ne4 12. Qb5 a6 13. Qa4 h5 14. g5 h4 15.
Re1 f5 16. Kc1 Qd6 17. Bf1 f4 18. Bd2 Be7 19. Bxa6 bxa6 20. Qxa6+ Kd7 21. Nb5
Qe6 22. Bxf4 Nxd4 23. Ne5+ Qxe5 24. Bxe5 Nc5 25. Qa5 Nxb5 26. Qxb5+ c6 27. Qb6
Bxg5+ 28. Kb1 Ne6 29. Qb7+ Ke8 30. Bxg7 Be4 31. Bxh8 Nf4 32. Qg7 Ne6 33. Qe5 Kd7
34. Bf6 Bxf6 35. Qxf6 Rf8 36. Qxh4 Rf3 37. a4 Nd4 38. Rc1 Rf5 39. a5 Nf3 40. Qg4
Nd2+ 41. Ka2 d4 42. b4 Bd5+ 43. Ka3 Nc4+ 44. Ka4 Kd6 45. Qg3+ 1-0

[Event "Women's Speed Chess Q8"]
[Site "chess.com INT"]
[Date "2021.06.06"]
[Round "13"]
[White "Komiagina, Maria"]
[Black "Zhuravleva, Olga"]
[Result "1-0"]
[WhiteTitle "WIM"]
[BlackTitle "WIM"]
[WhiteElo "2241"]
[BlackElo "2278"]
[WhiteFideId "4153987"]
[BlackFideId "4145933"]
[EventDate "2021.06.06"]

1. d4 Nf6 2. Nf3 e6 3. Bf4 b6 4. e3 Bb7 5. Bd3 Be7 6. O-O O-O 7. Nbd2 d6 8. e4
Nbd7 9. h3 c5 10. c3 a6 11. Re1 Rc8 12. Bh2 Re8 13. e5 dxe5 14. dxe5 Nd5 15. Ne4
Nf8 16. Qe2 b5 17. Rad1 Qb6 18. Bb1 Ng6 19. h4 h6 20. h5 Nf8 21. Nd6 Bxd6 22.
exd6 Nf6 23. Ne5 Red8 24. Ng4 Nxg4 25. Qxg4 Rd7 26. Be5 f5 27. Qg3 Qc6 28. f3
Rcd8 29. Qh4 Nh7 30. Kh2 Ng5 31. Qg3 Rf8 32. f4 Nh7 33. Re2 Nf6 34. Qg6 Ng4+ 35.
Kh3 b4 36. Bd3 c4 37. Bc2 b3 38. axb3 Qc5 39. Qxe6+ Kh7 40. Bd4 Qc6 41. Bxf5+
Rxf5 42. Qxf5+ Kg8 43. Qxg4 Qxd6 44. Re8+ Kh7 45. Rde1 Qd5 46. Qg6# 1-0

[Event "Women's Speed Chess Q8"]
[Site "chess.com INT"]
[Date "2021.06.06"]
[Round "13"]
[White "February, Jesse Nikki"]
[Black "Antonova, Nadezhda"]
[Result "0-1"]
[WhiteTitle "WIM"]
[BlackTitle "WFM"]
[WhiteElo "1863"]
[BlackElo "1877"]
[WhiteFideId "14312336"]
[BlackFideId "14700182"]
[EventDate "2021.06.06"]

1. e4 c5 2. Nf3 d6 3. d4 cxd4 4. Nxd4 Nf6 5. Nc3 a6 6. Be2 e5 7. Nb3 Be7 8. Be3
Be6 9. O-O O-O 10. Qd2 Nbd7 11. Rad1 b5 12. a3 Rc8 13. f3 Qc7 14. g4 Nc5 15.
Nxc5 dxc5 16. Nd5 Bxd5 17. exd5 Rfd8 18. c4 bxc4 19. Bxc4 a5 20. Bg5 Ne8 21.
Bxe7 Qxe7 22. Rfe1 Nd6 23. b3 a4 24. Qe3 axb3 25. Bxb3 c4 26. Bc2 Re8 27. a4 g6
28. a5 Ra8 29. Ra1 Ra6 30. Reb1 Rea8 31. Qc5 Qa7 32. Qxa7 R8xa7 33. Rb8+ Kg7 34.
Rd8 Nb7 35. Rd7 Nxa5 36. Rxa7 Rxa7 37. d6 Nc6 38. Rd1 Nd8 39. d7 Kf6 40. Kf2 Ke7
41. Ke3 Rxd7 42. Rxd7+ Kxd7 43. Ke4 Kd6 44. h4 Ne6 45. g5 Nc5+ 0-1

[Event "Women's Speed Chess Q8"]
[Site "chess.com INT"]
[Date "2021.06.06"]
[Round "13"]
[White "Arpita, Mukherjee"]
[Black "Padmini, Rout"]
[Result "0-1"]
[WhiteTitle "WIM"]
[BlackTitle "IM"]
[WhiteElo "2206"]
[BlackElo "2370"]
[WhiteFideId "5056403"]
[BlackFideId "5029295"]
[EventDate "2021.06.06"]

1. e4 c5 2. Nf3 e6 3. d4 cxd4 4. Nxd4 Nc6 5. Nc3 Qc7 6. Be2 a6 7. O-O Nf6 8. Be3
Be7 9. f4 d6 10. Qe1 O-O 11. Qg3 Bd7 12. Nb3 b5 13. a3 Bc8 14. Bf3 Bb7 15. e5
Nd7 16. exd6 Bxd6 17. Ne4 Be7 18. Rad1 Rfd8 19. Ng5 Nf6 20. Nc5 Bxc5 21. Bxc5
Rxd1 22. Rxd1 Rd8 23. Rxd8+ Qxd8 24. Qe1 Na5 25. Bxb7 Nxb7 26. Bf2 Nd6 27. h3 h6
28. Nf3 Nd5 29. Qe5 Nc4 30. Qd4 Qf6 31. Qxf6 gxf6 32. Bd4 Nxf4 33. Bxf6 Nd5 34.
Bd4 f6 35. b3 Nxa3 36. Ne1 e5 37. Bc5 Nb1 38. Kf2 Kf7 39. Ke2 Ke6 40. Kd3 Nbc3
41. g3 a5 42. Bg1 a4 43. bxa4 Nxa4 44. c4 Nb2+ 45. Ke4 Nxc4 46. g4 b4 47. Nc2 b3
48. Ne3 Ncxe3 0-1

[Event "Women's Speed Chess Q8"]
[Site "chess.com INT"]
[Date "2021.06.06"]
[Round "13"]
[White "Klinova, Masha"]
[Black "Perez Rodriguez, Jennifer"]
[Result "1-0"]
[WhiteTitle "IM"]
[BlackTitle "WIM"]
[WhiteElo "2275"]
[BlackElo "2251"]
[WhiteFideId "2802015"]
[BlackFideId "3507831"]
[EventDate "2021.06.06"]

1. e4 e5 2. Nf3 Nc6 3. Bc4 Nf6 4. d3 Be7 5. Bb3 d6 6. O-O O-O 7. c3 h6 8. Nbd2
Nh7 9. d4 Ng5 10. h3 Kh8 11. d5 Nb8 12. c4 f5 13. exf5 Bxf5 14. Nxg5 Bxg5 15.
Bc2 Nd7 16. Bxf5 Rxf5 17. Ne4 Bxc1 18. Rxc1 Qh4 19. f3 Raf8 20. c5 dxc5 21. Nxc5
Nxc5 22. Rxc5 R8f7 23. Qc2 Qd4+ 24. Kh1 e4 25. Rd1 Qe3 26. Rc3 Qb6 27. Qxe4 Qxb2
28. Rxc7 Re5 29. Qc2 Qxc2 30. Rxc2 Rd7 31. d6 Re6 32. Rc7 Rdxd6 33. Rxd6 Rxd6
34. Rxb7 Ra6 35. Rb2 Kg8 36. g4 Kf7 37. Kg2 Ke6 38. Kg3 Kd5 39. h4 Kc4 40. Kf4
Kc3 41. Re2 Ra4+ 42. Kf5 Kd3 43. Rb2 Ke3 44. Rb3+ Kf2 45. a3 Kg3 46. h5 Ra6 47.
f4+ Kf2 48. g5 Ke2 49. gxh6 Rxh6 50. Rb7 Rxh5+ 51. Kg6 Ra5 52. Rb3 Ra4 53. f5
Rg4+ 54. Kf7 Kd2 55. Rb5 Ke3 56. Ra5 Ke4 57. Ke6 Kf3 58. Rxa7 Re4+ 59. Kf7 Kf4
60. Ra5 Re5 61. Rxe5 Kxe5 62. a4 Kxf5 63. a5 1-0

[Event "Women's Speed Chess Q8"]
[Site "chess.com INT"]
[Date "2021.06.06"]
[Round "13"]
[White "Priyanka, K"]
[Black "Tsatsalashvili, Keti"]
[Result "0-1"]
[WhiteTitle "WIM"]
[BlackTitle "WGM"]
[WhiteElo "2218"]
[BlackElo "2331"]
[WhiteFideId "5082986"]
[BlackFideId "13603434"]
[EventDate "2021.06.06"]

1. e4 c5 2. Nf3 d6 3. d4 cxd4 4. Nxd4 Nf6 5. Nc3 Nc6 6. g3 g6 7. Bg2 Bg7 8. Nxc6
bxc6 9. e5 dxe5 10. Qxd8+ Kxd8 11. Bxc6 Rb8 12. Be3 Rxb2 13. O-O-O+ Kc7 14. Kxb2
Kxc6 15. Bxa7 Bg4 16. Rb1 Nd7 17. Kc1 e4 18. Nxe4 Ra8 19. Be3 Rxa2 20. Re1 Bf5
21. f3 h5 22. Rd1 Ne5 23. Bd4 Bh6+ 24. f4 Bxe4 25. Rb2 Ra1+ 26. Rb1 Rxb1+ 27.
Kxb1 Nf3 28. Bg1 Bg7 29. Ka2 Bd5+ 30. Kb1 e6 31. h3 Bc3 32. Bf2 Nd2+ 33. Kc1 Ne4
34. Be1 Bxe1 35. Rxe1 Nxg3 36. Re3 Nf5 37. Rc3+ Kd6 38. Kd2 Nd4 39. Ra3 Nf3+ 40.
Ke2 Nd4+ 41. Kd3 Nc6 42. Ra6 Kc5 43. Ra3 Nb4+ 44. Kc3 Nc6 45. Kd3 Bg2 46. h4 Bh3
47. Rc3+ Kd5 48. Ke3 Bf5 49. Ra3 f6 50. c3 e5 51. fxe5 fxe5 52. Ra8 Ne7 0-1

[Event "Women's Speed Chess Q8"]
[Site "chess.com INT"]
[Date "2021.06.06"]
[Round "13"]
[White "Nguyen, Hong Ngoc"]
[Black "Szente Varga, Fruzsina"]
[Result "1-0"]
[WhiteTitle "WCM"]
[BlackTitle "WFM"]
[WhiteElo "1957"]
[BlackElo "2100"]
[WhiteFideId "12403083"]
[BlackFideId "712264"]
[EventDate "2021.06.06"]

1. e4 Nf6 2. d3 d5 3. e5 Nfd7 4. d4 e6 5. c3 c5 6. Nf3 Nc6 7. Bd3 Be7 8. O-O Qb6
9. Qb3 O-O 10. Qxb6 axb6 11. a3 f6 12. exf6 Bxf6 13. Be3 e5 14. dxe5 Ndxe5 15.
Nxe5 Nxe5 16. Bc2 Nc4 17. Bc1 Re8 18. Nd2 Ne5 19. Re1 Bg4 20. h3 Bh5 21. g4 Bf7
22. Kg2 d4 23. cxd4 cxd4 24. Be4 Rab8 25. Nf3 Nc4 26. Bf4 Rbd8 27. g5 Be7 28. b3
Nxa3 29. Bc7 Rd7 30. Bxb6 Bxb3 31. Bxd4 Nc2 32. Bxc2 Bxc2 33. Bc5 Bb3 34. Re3
Bd5 35. Rae1 Kf8 36. Kg3 Bf7 37. Ne5 Rc7 38. Bb6 Rc2 39. Nd7+ Kg8 40. Rxe7 Rxe7
41. Rxe7 Rc3+ 42. Re3 Rc6 43. Ba7 b5 44. Ne5 Rc7 45. Bb6 Rb7 46. Bc5 Bd5 47. Rd3
h6 48. g6 Rb8 49. Rxd5 b4 50. Bxb4 Re8 51. Ba5 Rc8 52. Rd8+ Rxd8 53. Bxd8 Kh8
54. Ba5 h5 55. Bc3 h4+ 56. Kxh4 Kg8 57. Kg3 Kh8 58. h4 Kg8 59. h5 Kh8 60. Ng4
Kg8 61. f4 Kh8 62. Bxg7+ Kg8 63. f5 Kxg7 64. h6+ Kh8 65. Kf4 Kg8 66. Kg5 Kh8 67.
Kh5 Kg8 68. Nf6+ Kh8 69. g7# 1-0

[Event "Women's Speed Chess Q8"]
[Site "chess.com INT"]
[Date "2021.06.06"]
[Round "13"]
[White "Linares Napoles, Oleiny"]
[Black "Mohota, Nisha"]
[Result "1-0"]
[WhiteTitle "WGM"]
[BlackTitle "IM"]
[WhiteElo "2255"]
[BlackElo "2195"]
[WhiteFideId "3504794"]
[BlackFideId "5004330"]
[EventDate "2021.06.06"]

1. d4 f5 2. Bf4 d6 3. c4 Nf6 4. Nc3 Nc6 5. Nf3 e6 6. e3 Be7 7. h3 O-O 8. Be2 Ne4
9. Rc1 Nxc3 10. Rxc3 Bf6 11. Rc1 e5 12. dxe5 dxe5 13. Qxd8 Rxd8 14. Bg5 Kf7 15.
a3 a5 16. b3 Be6 17. Bxf6 Kxf6 18. O-O e4 19. Nh2 Rd2 20. Rfe1 Rad8 21. Nf1 Ra2
22. Ra1 Rxa1 23. Rxa1 Ne5 24. Rd1 Rxd1 25. Bxd1 a4 26. bxa4 Nxc4 27. Ng3 Nxa3
28. Kf1 Bc4+ 29. Ke1 Nb1 30. Bc2 Nc3 31. Kd2 Nd5 32. f3 exf3 33. gxf3 g6 34. h4
f4 35. Ne4+ Ke5 36. exf4+ Kxf4 37. Bd1 Ne3 38. Be2 Bxe2 39. Kxe2 Nf5 40. Nc5
Nxh4 41. Nxb7 Nxf3 42. a5 Nd4+ 43. Kf2 Nb5 44. a6 g5 45. Nc5 g4 46. Ne6+ Kf5 47.
Nd4+ Nxd4 48. a7 h5 49. a8=Q Nf3 50. Qc8+ Kg5 51. Qd8+ Kf4 52. Qxc7+ Kg5 53.
Qc5+ Kh4 54. Qe7+ Kh3 55. Qh7 h4 56. Qh5 Nh2 57. Qf5 Nf3 58. Qd3 Kh2 59. Qf1 Ng5
60. Qg2# 1-0

[Event "Women's Speed Chess Q8"]
[Site "chess.com INT"]
[Date "2021.06.06"]
[Round "13"]
[White "Vo, Thi Kim Phung"]
[Black "Gevorgyan, Maria"]
[Result "1-0"]
[WhiteTitle "WGM"]
[BlackTitle "WGM"]
[WhiteElo "2335"]
[BlackElo "2219"]
[WhiteFideId "12401838"]
[BlackFideId "13300270"]
[EventDate "2021.06.06"]

1. d4 Nf6 2. c4 c5 3. d5 e6 4. Nc3 exd5 5. cxd5 d6 6. Nf3 g6 7. Nd2 Bg7 8. Nc4
O-O 9. Bf4 Ne8 10. e3 a6 11. a4 b6 12. Qb3 Ra7 13. Qxb6 Qxb6 14. Nxb6 Bf5 15.
Nc4 Rd7 16. f3 Rd8 17. e4 Bc8 18. Bd3 f5 19. O-O Bd4+ 20. Kh1 fxe4 21. fxe4 Bf6
22. h3 Be7 23. e5 dxe5 24. Nxe5 Nd6 25. Rae1 Bh4 26. g3 Rxf4 27. gxf4 Bxe1 28.
Rxe1 Bxh3 29. Kh2 Bc8 30. Kg3 Rf8 31. Nc6 Bf5 32. Ne7+ Kg7 33. Bxf5 gxf5 34. Re6
Nc4 35. Nc6 Nxb2 36. Re7+ Kf6 37. Rb7 Nxc6 38. dxc6 Nc4 39. c7 Nd6 40. Rb6 Ke6
41. Rxa6 Rc8 42. Nb5 Rg8+ 43. Kf3 Ke7 44. Rxd6 Rc8 45. Rc6 Kd7 46. Rxc5 h5 47.
Rxf5 h4 48. Rh5 Ra8 49. Rh7+ Kc6 50. Rxh4 Kb7 51. f5 Rf8 52. Rf4 Rh8 53. f6 Rh3+
54. Kg4 Rh1 55. f7 Rg1+ 56. Kf5 Ka6 57. f8=Q Rc1 58. Qa8+ Kb6 59. Qb8+ Ka6 60.
c8=Q+ Rxc8 61. Qa7# 1-0

[Event "Women's Speed Chess Q8"]
[Site "chess.com INT"]
[Date "2021.06.06"]
[Round "13"]
[White "Belenkaya, Dina"]
[Black "Socko, Monika"]
[Result "1/2-1/2"]
[WhiteTitle "WGM"]
[BlackTitle "GM"]
[WhiteElo "2341"]
[BlackElo "2393"]
[WhiteFideId "24142654"]
[BlackFideId "1106619"]
[EventDate "2021.06.06"]

1. e4 e6 2. Qe2 c5 3. Nf3 Nc6 4. g3 g6 5. Bg2 Bg7 6. c3 Nge7 7. h4 h6 8. d4 cxd4
9. cxd4 Nxd4 10. Nxd4 Bxd4 11. O-O Bg7 12. Rd1 O-O 13. Nc3 Nc6 14. Be3 Qe7 15.
Nb5 Qb4 16. a3 Qxb2 17. Qxb2 Bxb2 18. Rab1 Bg7 19. Nd6 Rd8 20. f4 b6 21. e5 Ba6
22. a4 Rab8 23. Rdc1 f6 24. exf6 Bxf6 25. Bxc6 dxc6 26. Rxc6 Be7 27. Nb5 Bxb5
28. axb5 Kf7 29. Rc7 Ra8 30. Rbc1 Ke8 31. Rb7 Rd7 32. Rcc7 Rxc7 33. Rxc7 a6 34.
bxa6 Rxa6 35. Kf2 Ra2+ 36. Kf3 Ra3 37. Ke4 Rb3 38. g4 Bxh4 39. Rg7 g5 40. fxg5
Bxg5 41. Bxg5 hxg5 42. Rxg5 Kf7 43. Rh5 b5 44. Rh1 Rb2 45. Rf1+ Kg6 46. Ke5 Re2+
47. Kf4 b4 48. Rb1 Rf2+ 49. Kg3 Rd2 50. Rxb4 e5 51. Rb5 Kf6 52. Ra5 Rd3+ 53. Kf2
Rd4 54. Kg2 Rxg4+ 55. Kf3 Rf4+ 56. Ke3 Kf5 57. Ra8 Re4+ 58. Kf3 Rb4 59. Rf8+ Ke6
60. Re8+ Kd6 61. Rd8+ Ke7 62. Ra8 Rc4 63. Ke3 Kd6 64. Rd8+ Kc7 65. Re8 Kd6 66.
Rd8+ Ke7 67. Ra8 Rd4 68. Rb8 Kd7 69. Rg8 Kd6 70. Rd8+ Kc5 71. Rxd4 exd4+ 72. Kd3
Kd5 73. Kd2 Ke4 74. Ke2 Ke5 75. Kd2 Kd5 76. Kd3 Kc5 77. Kd2 Kc4 78. Kc2 d3+ 79.
Kd2 Kd4 80. Kd1 Ke3 81. Ke1 d2+ 82. Kd1 Kd3 1/2-1/2

[Event "Women's Speed Chess Q8"]
[Site "chess.com INT"]
[Date "2021.06.06"]
[Round "13"]
[White "Obregon Garcia, Roxangel"]
[Black "Kanyamarala, Trisha"]
[Result "0-1"]
[WhiteTitle "WIM"]
[BlackTitle "WIM"]
[WhiteElo "2167"]
[BlackElo "2180"]
[WhiteFideId "3520420"]
[BlackFideId "45004722"]
[EventDate "2021.06.06"]

1. e4 c5 2. Nf3 d6 3. d4 cxd4 4. Qxd4 Nc6 5. Qe3 a6 6. h3 Nf6 7. Be2 e6 8. O-O
Be7 9. Rd1 Qc7 10. c4 O-O 11. Nc3 Ne5 12. b3 Nxf3+ 13. Bxf3 Nd7 14. Bb2 Ne5 15.
Be2 Bd7 16. Rac1 Ng6 17. Ba3 Bc6 18. Nd5 exd5 19. cxd5 h6 20. dxc6 bxc6 21. f4
Rfd8 22. Bc4 d5 23. Bxe7 Qxe7 24. Bd3 dxe4 25. Bxe4 f5 26. Qg3 Rxd1+ 27. Rxd1
Nf8 28. Bxc6 Qc5+ 29. Kh1 Qxc6 30. Qd3 Qe4 31. Qd6 Re8 32. Rd5 Qe6 33. Qc5 Qe1+
34. Kh2 Qe7 35. Qc4 Qe6 36. Qc5 Rc8 37. Qa5 Ng6 38. Rxf5 Qd6 39. Kg3 Re8 40. Kg4
h5+ 41. Kxh5 Nxf4+ 42. Kg4 Ng6 43. Qd5+ Qxd5 44. Rxd5 Ne5+ 45. Kf5 Nc6 46. Rd6
Nb4 47. a3 Nc2 48. Rxa6 Nd4+ 49. Kg6 Nxb3 50. Ra7 Nd4 51. Rxg7+ Kf8 52. Rf7+ Kg8
53. Rf4 Ne6 54. Re4 Nf8+ 55. Kf5 Ra8 56. Rg4+ Kf7 57. a4 Ra5+ 58. Kf4 Rxa4+ 59.
Kg3 Ra3+ 60. Kh4 Ng6+ 61. Kh5 Ra5+ 62. Kh6 Ra6 63. h4 Ne5+ 64. Kh5 Nxg4 65. Kxg4
Kg6 66. h5+ Kh6 67. Kh4 Ra4+ 68. g4 Rd4 69. Kh3 Kg5 70. h6 Kxh6 71. Kh4 Kg6 72.
Kg3 Ra4 73. Kf3 Kg5 74. Ke3 Rxg4 75. Kd3 Ra4 76. Kc3 Kf5 77. Kb3 Ra7 78. Kc3 Ke5
79. Kb4 Rc7 80. Kb5 Kd5 81. Kb6 Kd6 82. Kb5 Rc1 83. Kb4 Rc5 84. Kb3 Kd5 85. Kb4
Kc6 86. Kb3 Kb5 87. Ka3 Rc4 88. Kb3 Kc5 89. Kb2 Kd4 90. Kb3 Kd5 91. Ka3 Kc5 92.
Kb3 Rb4+ 93. Ka3 Kb5 94. Ka2 Kc4 95. Ka3 Kc3 96. Ka2 Rb5 97. Ka1 Kc2 98. Ka2
Ra5# 0-1